Hudobno-pohybová edukácia na základných školách

Bibliographic Details
Main Author: Trunečková, Elvíra, 1942- (Author)
Other Authors: Husár, Ján (Illustrator)
Format: Book
Language:Slovak
PhysicalDescription:76 s., [7] s. notová príl. ilustr., sch., noty 29 cm
Published: Banská Bystrica Univerzita Mateja Bela 2005
ISBN:8080830428
Edition:[1. vyd.]
Subjects:

MARC

LEADER 00000nam a2200000 a 4500
001 vtls008155740
003 SK-MaSNL
005 20260301220125.0
008 240313s2005 xo al b f 000 0 slo
015 |a SNBA2005/10-04070 
020 |a 8080830428  |q (brož.) 
035 |a 227F8A5B-7DC2-4F9A-BEA3-CAF0E3C6C62D 
035 |a urn:nbn:sk:snk-amkso9 
035 |a urn:nbn:sk:snk-am0057vn 
040 |a SNK  |b slo  |c SNK  |e AACR2 
041 0 |a slo 
044 |a xo 
072 7 |a 373.2/.3  |x Predškolská a primárna výchova a vzdelávanie  |2 konspekt 
072 7 |a 796  |x Šport. Hry. Telesné cvičenia  |2 konspekt 
080 |a 796.11  |2 1997 
080 |a 796.2  |2 1997 
080 |a 796.13  |2 1997 
080 |a 37.016:78  |2 1997 
080 |a (035)  |2 1997 
080 |a 373.3  |2 1997 
100 1 |a Trunečková, Elvíra,  |d 1942-  |4 aut  |9 203204 
245 1 0 |a Hudobno-pohybová edukácia na základných školách  |c Elvíra Trunečková; [ilustroval: Ján Husár] 
250 |a [1. vyd.] 
260 |a Banská Bystrica  |b Univerzita Mateja Bela  |c 2005 
300 |a 76 s., [7] s. notová príl.  |b ilustr., sch., noty  |c 29 cm 
504 |a Bibliogr. s. 75. Zozn. piesní a príloh 
506 |a 300 výtl. 
650 0 7 |a základné školy  |2 SNKPH  |9 1280 
650 0 7 |a detské hry  |2 SNKPH  |9 3287 
650 0 7 |a pohybové hry  |2 SNKPH  |9 3235 
650 0 7 |a tanečné hry  |2 SNKPH  |9 3485 
650 0 7 |a hudobná výchova  |2 SNKPH  |9 1662 
655 7 |a príručky  |2 SNKPH  |9 74364 
700 1 |a Husár, Ján  |4 ill  |9 5979 
919 |a 80-8083-042-8 
958 |a OND 
968 |d 37 
999 |c 930697  |d 932627 
952 |a SNK  |b SNK  |y VYP  |7 0  |p 17A0471056  |o snkSB 70469 D1  |i snk2005/8765  |8 0  |0 0  |1 0  |4 0  |d 2005-05-23  |l 1  |r 2026-03-12 13:23:14  |s 2026-02-28  |w 2026-02-24 
952 |a SNK  |b SNK  |y PREZ  |7 0  |p 17A0471055  |o snkSB 70469  |i snk2005/8764  |8 0  |0 0  |1 0  |4 0  |d 2005-05-23  |l 0  |r 2025-04-22 00:00:00  |w 2026-02-24